000 01024cam a2200313 a 4500
001 2361
005 20240208105430.0
020 _a9781577685784
040 _aDLC
_cDLC
_dDLC
_beng
050 0 0 _aPZ7.M462
_bHar 2004
082 0 0 _a546
_222
100 1 _aMayer, Mercer
_d1943-
245 1 0 _aHarvest time /
_cby Mercer Mayer.
260 _aColumbus, Ohio :
_bMcGraw-Hill Children's Pub.,
_cc2004.
300 _a24 pages :
_bcolor illustrations
_c22 cm
490 0 _aFirst readers
500 _a"Mercer Mayer's Little Critter."
500 _a"Level 3."
505 _aG
520 _aLittle Critter and his younger sister help their grandparents pick pumpkins and apples, take down the scarecrow, and do other chores at harvest time.
521 2 _a400
_bLexile estimate
521 2 _aG
_bRaz-Plus
650 1 _aHarvesting
_vFiction.
650 1 _aFarm life
_vFiction.
650 1 _aGrandparents
_vFiction.
650 1 _aSiblings
_vFiction.
906 _a7
_bcbc
_corignew
_d1
_eocip
_f20
_gy-gencatlg
942 _2ddc
_cBK
_n0
999 _c2361
_d2361